Čas básne, čas básnika (Šesť chvíľok s poéziou M. Válka.)

Bibliographic Details
Main Author: Šmatlák, Stanislav, 1925-2008 (Author)
Format: Article
Language:Slovak
Subjects:

MARC

LEADER 00000nab a2200000 a 4500
001 vtls000284060
003 SK-MaSNL
005 20260304072937.0
008 250423c1987 xo 0 slo
015 |a SNBRB19rr/mm-uuuuu 
035 |a CL0294178 
035 |a urn:nbn:sk:snk-abem4r 
035 |a (urnnbn)urn:nbn:sk:snk:ar-00079k 
035 |a (uuid)8a39e780-4e85-4c28-bfa6-902387f4baa5 
040 |a SNKBUCL  |b slo  |c SNKBUCL  |e AACR2 
041 0 |a slo 
044 |a xo  |c SK 
080 |a 82:929:885.4  |2 1981 
080 |a 929  |2 1981 
080 |a 885.4  |2 1981 
080 |a 929 Válek, Miroslav  |2 1981 
080 |a 82.09  |2 1981 
080 |a 885.4-1  |2 1981 
100 1 |a Šmatlák, Stanislav,  |d 1925-2008  |4 aut  |9 105135 
245 1 0 |a Čas básne, čas básnika  |b (Šesť chvíľok s poéziou M. Válka.)  |c Stanislav Šmatlák 
500 |a V texte verše Miroslava Válka 
600 1 7 |a Válek, Miroslav,  |d 1927-1991  |2 snkbucl  |9 102196 
655 7 |a články z novín a časopisov  |2 snkbucl  |9 267496 
655 7 |a články z odboru literárna veda a krásna literatúra  |2 snkbucl  |9 770045 
773 0 |t Slovenské pohľady  |g Roč. 103, č. 7 (1987), s. 37-45 
850 |a Slovenská národná knižnica 
852 |a Slovenská národná knižnica 
958 |a article27 
958 |a BX 
958 |a RK 
958 |a LX 
958 |a OND 
958 |a EUIPO 
992 |a RBX 
999 |c 2768673  |d 2770603